000 00481nam a2200145Ia 4500
008 100122s9999 xx 000 0 und d
082 _b6765
_a920.72
100 _aसोहनी वा स
245 _aआदर्श कुलस्वामिनी
260 _bअभिनव प्रक ाशन
_c1948
300 _a88
630 _aआदर्श कुलस्वामिनी
730 _aआदर्श कुलस्वामिनी
942 _cBOOK
999 _c399706
_d399703